| 000 | 01164nam0a22003011 4500 | ||
|---|---|---|---|
| 001 | rc\3520717 | ||
| 005 | 20210409140209.0 | ||
| 021 |
_aRU _b[69-117080] |
||
| 035 | _a(NLR Aleph) 007661329 | ||
| 090 |
_a6334767 _c6334767 |
||
| 100 | _a20130115d1969 |||y0rusy50 ca | ||
| 101 | 0 | _arus | |
| 102 | _aRU | ||
| 105 | _aa j ||||| | ||
| 200 | 1 |
_aФизика _eПробный учебник для 8 кл. _iМеханика |
|
| 210 |
_aМосква _cПросвещение _d1969 |
||
| 215 |
_a312 с. _cил. _d22 |
||
| 300 | _aПеред загл. авт.: Б.Б. Буховцев, Ю.Л. Климонтович, Г.Я. Мякишев. На пер. авт. не указаны | ||
| 606 |
_aМеханика _jУчебники и пособия _2psbo |
||
| 700 | 1 |
_aБуховцев _bБ. Б. _gБорис Борисович _3RU\NLR\AUTH\773073 |
|
| 701 | 1 |
_aКлимонтович _bЮ. Л. _gЮрий Львович |
|
| 701 | 1 |
_aМякишев _bГ. Я. _f1926-2003 _gГеннадий Яковлевич _3RU\NLR\AUTH\773075 |
|
| 801 | 0 |
_aRU _bNLR _gpsbo |
|
| 801 | 1 |
_aRU _bELAR _2rusmarc |
|
| 852 |
_aNLR _j69-5/6746 |
||
| 942 | _cBOOK | ||
| 980 | _aNB | ||